| 000 | 00731cam a2200217 4500500 | ||
|---|---|---|---|
| 005 | 20251012041721.0 | ||
| 041 | _afre | ||
| 042 | _adc | ||
| 100 | 1 | 0 |
_aSyukri, Muhammad _eauthor |
| 700 | 1 | 0 |
_a Mawardi, M. Sulton _eauthor |
| 700 | 1 | 0 |
_a Amelia, Lia _eauthor |
| 700 | 1 | 0 |
_a Asyah, Annabel Noor _eauthor |
| 700 | 1 | 0 |
_a Iswara, Made Anthony _eauthor |
| 700 | 1 | 0 |
_a Lecuyer, Oskar _eauthor |
| 700 | 1 | 0 |
_a Fourmann, Emmanuel _eauthor |
| 245 | 0 | 0 | _aBalancing Conservation and Community Welfare |
| 260 | _c2024. | ||
| 500 | _a9 | ||
| 786 | 0 | _nAFD Research Papers | - | 2024-01-11 | p. 1-40 | 2492 - 2846 | |
| 856 | 4 | 1 | _uhttps://shs.cairn.info/balancing-conservation-and-community-welfare-page-1?lang=en&redirect-ssocas=7080 |
| 999 |
_c1548703 _d1548703 |
||